000
00334nam a22001457a 4500
008
230907b ||||| |||| 00| 0 eng d
020
_a
9780520035941
041
_a
eng
080
_a
618
082
_a
618LUK
100
_a
15
101
_a
GJINE
245
_a
TAKING CHANCES ABORTION AND THE DECISION
_c
LUKER .K
942
_2
udc
_c
BK
999
_c
60267
_d
60267